Toutes les aires urbaines entre 2M et 3M d'habitants - Statistiques

Statistiques générales
  • Ce quiz a été pris 54 fois
    26 depuis la dernière actualisation
  • Le résultat moyen est 25 sur 112
Statistiques - réponses
Population Ville Pays % Correct
2.63M Bakou Azerbaidjan
50%
2.63M Budapest Hongrie
50%
2.3M Doha Qatar
50%
2.08M Harare Zimbabwe
50%
2.13M La Paz Bolivie
50%
2.35M Maputo Mozambique
50%
2.98M Pyongyang Corée du Nord
50%
2.9M Sana'a Yemen
50%
2.25M Stockholm Suède
50%
2.35M Varsovie Pologne
50%
2.18M Almaty Kazakhstan
33%
2.5M Amsterdam Pays-Bas
33%
2.75 Antananarivo Madagascar
33%
2.38M Asuncion Paraguay
33%
2.73M Bruxelles Belgique
33%
2.2M Bucarest Roumanie
33%
2.9M Cali Colombie
33%
2.6M Conakry Guinée
33%
2.03M Gaza Territoire Paléstinien
33%
2.88M Hambourg Allemagne
33%
2.33M Hyderabad Pakistan
33%
2.23M La Havane Cuba
33%
2.2M La Mecque Arabie Saoudite
33%
2.5M Lisbonne Portugal
33%
2.18M Lomé Togo
33%
2.8M Lusaka Zambie
33%
2.25M Manaus Brésil
33%
2.68M Maracaibo Venezuela
33%
2.05M Minsk Biélorussie
33%
2M Mogadiscio Somalie
33%
2.28M Munich Allemagne
33%
2.65M Ouagadougou Burkina Faso
33%
2.08M Perth Australie
33%
2.56M Phnom Penh Cambodge
33%
2.78M Quito Équateur
33%
2.08M Rabat Maroc
33%
2.38M San José Costa Rica
33%
2.5M Sapporo Japon
33%
2.73M Tel Aviv-Jaffa Israel
33%
2.73M Tunis Tunisie
33%
2.9M Vancouver Canada
33%
2.23M Vienne Autriche
33%
2.35M Agra Inde
17%
2.65M Anshan Chine
17%
2.15M Baoding Chine
17%
2.25M Baotou Chine
17%
2.15M Baranquilla Colombie
17%
2.25M Belém Brésil
17%
2.98M Bhilai Inde
17%
2.48M Bhopal Inde
17%
2.35M Brazzaville République du Congo
17%
2.13M Bursa Turquie
17%
2.78M Cebu Philippines
17%
2.43M Chandigarh Inde
17%
2.5M Charlotte États-Unis
17%
2.8M Cincinnati États-Unis
17%
2.78M Coimbatore Inde
17%
2.73M Daegu Corée du Sud
17%
2.56M Dammam Arabie Saoudite
17%
2.75M Fukuoka Japon
17%
2.18M George Town Malaisie
17%
2.45M Goiania Brésil
17%
2.88M Gujranwala Pakistan
17%
2.88M Huizhou Chine
17%
2.53M Jiangyin Chine
17%
2.78M Kaohsiung Taiwan
17%
2.33M Katowice Pologne
17%
2.93M Lanzhou Chine
17%
2.3M Las Vegas États-Unis
17%
2.15M Leeds Royaume-Uni
17%
2.15M Leon Mexique
17%
2.13M Linyi Chine
17%
2.45M Lubumbashi RDC
17%
2.65M Luoyang Chine
17%
2.18M Mbujimayi République du Congo
17%
2.15M Multan Pakistan
17%
2.15M Nashik Inde
17%
2.18M Okayama Japon
17%
2.73M Patna Inde
17%
2.43M Peshawar Pakistan
17%
2.43M Port Harcourt Nigeria
17%
2.45M Portland États-Unis
17%
2.1M Sacramento États-Unis
17%
2.35M Saint Louis États-Unis
17%
2.53M Salt Lake city États-Unis
17%
2.25M San Antonio États-Unis
17%
2.18M Santa Cruz Bolivie
17%
2.78M Semarang Indonésie
17%
2.4M Stuttgart Allemagne
17%
2.43M Taichung Taiwan
17%
2.35M Taizhou Chine
17%
2.98M Tangshan Chine
17%
2.55M Toluca Mexique
17%
2.25M Vadodara Inde
17%
2.25M Visakhapatnam Inde
17%
2.18M Xinxiang Chine
17%
2.95M Xuzhou Chine
17%
2.25M Yantai Chine
17%
2M Austin États-Unis
0%
2.03M Cixi Chine
0%
2.03M Huai'an Chine
0%
2.03M Indianapolis États-Unis
0%
2M Kansas City États-Unis
0%
2M Kitakyushu Japon
0%
2.05M Liuzhou Chine
0%
2M Ludhiana Inde
0%
2.05M Nantong Chine
0%
2.03M Pittsburgh États-Unis
0%
2.1M Tijuana Mexique
0%
2.03M Valencia Venezuela
0%
2.08M Vijayawada Inde
0%
2.05M Weifang Chine
0%
Aucun quiz correspondant
Distribution des résultats
% des personnes avec chaque résultat
Percentile par nombre de réponses
Votre historique - résultats
Vous n’avez pas pris ce quiz depuis la dernière actualisation